| 000 | 00413nam a2200157Ia 4500 | ||
|---|---|---|---|
| 008 | 210210b1977 xxu||||| |||| 00| 0 eng d | ||
| 020 | _a8125902562 | ||
| 082 | _a581.02 SUBS | ||
| 100 | _aSUBRAHMANYAM (N S). | ||
| 245 | _aSubrahmanyam's botany question bank | ||
| 260 |
_aNew Delhi _bVikas publishing house _c1977 |
||
| 300 | _a396 | ||
| 650 | _aBotany Qusetion Bank | ||
| 690 | _aBotan | ||
| 906 | _a05224 | ||
| 999 |
_c100844 _d100844 |
||